00349nam a2200145Ia 4500008004100000020001500041041001200056082001600068100001800084245005200102250000800154260002500162300000800187650000800195221030s9999 xx 000 0 und d a0070445338 aEnglish a105.23bSko aM. I. Skolnik 0aIntroduction to Radar Systemscby M. I. Skolnik a3rd bTMHaNew Delhic2001 a772 aECE